MARC

LEADER 00000nas a2200000 a 4500
001 ssj0000525
003 WaSeSS
005 20200512172242.0
006 m d
007 cr n
008 990922c19619999inuqr pss 0 a0eng c
010 |a sn 99004905   |z sn 99023435  
016 7 |a 019918275  |2 DE-101 
016 7 |a 1499150-0  |2 DE-600 
022 |a 1527-8042  |l 1527-8042  |y 0041-1191 
035 |a (WaSeSS)ssj0000525 
037 |b Project Muse, The Johns Hopkins University Press, 2715 N. Charles Street, Baltimore, Maryland 21211 
040 |a JHE  |b eng  |c JHE  |d NSD  |d UMC  |d OCLCQ  |d F#A  |d EYM  |d OCLCQ  |d IUL  |d OCLCQ  |d GBVCP  |d OCLCQ  |d OCLCF  |d IUL  |d UKBOL  |d VT2  |d OCLCQ  |d DEBBG  |d GILDS  |d OCLCO  |d WaSeSS 
042 |a nsdp  |a pcc 
043 |a f------ 
050 4 |a AP9  |b .T7 
082 1 0 |a 327  |2 13 
130 0 |a Transition (Kampala, Uganda : Online) 
210 0 |a Transition  |b (Online) 
222 0 |a Transition  |b (Online) 
245 1 0 |a Transition  |h [electronic resource]. 
260 |3 1961-<> :  |a Kampala, Uganda :  |b Transition,  |c [1961]- 
260 2 |3 1991-<> :  |a New York :  |b Oxford University Press 
260 2 |3 <>-winter 1995 :  |a Cary, NC :  |b Oxford University Press 
260 2 |3 spring 1996-<> :  |a Durham, NC :  |b Duke University Press 
260 3 |3 2008- :  |a Bloomington, IN :  |b Indiana University Press 
310 |a 3 times a year,  |b 2008- 
321 |a Frequency varies,  |b 1961-2007 
362 1 |a Print began with 1 (Nov. 1961). 
500 |a Published: New York : Oxford University Press, 1991- ; Cary, NC : Oxford University Press, -winter 1995; Durham, NC : Duke University Press, spring 1996- ; Bloomington, in: Indiana University Press, 2008- 
506 |a License restrictions may limit access. 
515 |a 80- called also new ser. vol. 8, no. 4- 
515 |a Oct. 1975/Mar. 1975 issue labeled Transition [issue] 50 and Ch'Indaba [issue] 1. 
550 |a Official publication of: W.E.B. Du Bois Institute, <winter 1995-> ; W.E.B. Du Bois Institute for African and African American Research, <2008-> 
588 |a Description based on: 80, published in 1999; title from title screen (viewed Oct. 13, 1999). 
588 |a Latest issue consulted: 113; (viewed July 22, 2014). 
650 0 |a International relations  |v Periodicals. 
650 0 |a Political science  |v Periodicals. 
650 7 |a International relations.  |2 fast  |0 (OCoLC)fst00977053 
650 7 |a Political science.  |2 fast  |0 (OCoLC)fst01069781 
651 0 |a Africa  |v Periodicals. 
651 7 |a Africa.  |2 fast  |0 (OCoLC)fst01239509 
653 |a Media and cultural studies 
655 0 |a Electronic journals. 
710 2 |a W.E.B. Du Bois Institute for Afro-American Research. 
710 2 |a W.E.B. Du Bois Institute for African and African American Research. 
730 0 |a Transition (Kampala, Uganda) 
740 0 |a Ch'Indaba. 
776 0 8 |i Print version:  |t Transition (Kampala, Uganda)  |x 0041-1191  |w (DLC)sf 81008017  |w (OCoLC)2095999 
856 4 0 |z Full text available from Research Library: 04/01/1997 to 01/31/2000  |u https://search.proquest.com/publication/35141